[Event "XXIV Open"]
[Site "Cappelle La Grande FRA"]
[Date "2008.02.16"]
[Round "1"]
[White "Hess,Ro"]
[Black "Gashimov,V"]
[Result "0-1"]
[WhiteElo "2445"]
[BlackElo "2665"]
[EventDate "2008.02.16"]

1. e4 c5 2. Nc3 Nc6 3. g3 g6 4. Bg2 Bg7 5. d3 d6 6. f4 Nf6 7. Nf3 O-O 8.
O-O Rb8 9. h3 b5 10. a3 a5 11. Be3 Nd7 12. Rb1 Nd4 13. Ne2 Nxf3+ 14. Bxf3
b4 15. axb4 axb4 16. g4 Bb7 17. Qe1 Ra8 18. c3 bxc3 19. bxc3 Bc6 20. d4 Qa5
21. Qf2 Rfb8 22. Rxb8+ Rxb8 23. e5 Bxf3 24. Qxf3 cxd4 25. cxd4 Qa3 26. Rc1
Rb3 27. Rc8+ Bf8 28. Ra8 Qb4 29. Kf2 Qc4 30. Rd8 Qc7 31. Re8 Rb2 32. Qe4
Qc4 33. Qf3 Kg7 34. Rd8 Qc7 35. Re8 e6 36. f5 dxe5 37. fxe6 fxe6 38. Rxe6
Qc4 39. d5 Rb3 40. Qg2 Qd3 41. Bc1 Bc5+ 42. Ke1 Bb4+ 43. Kf2 Qd1 44. Qe4
Qe1+ 45. Kg2 Bc5 0-1

[Event "XXIV Open"]
[Site "Cappelle La Grande FRA"]
[Date "2008.02.16"]
[Round "1"]
[White "Ghane,S"]
[Black "Miroshnichenko,E"]
[Result "0-1"]
[WhiteElo "2442"]
[BlackElo "2647"]
[EventDate "2008.02.16"]

1. d4 Nf6 2. Nf3 e6 3. e3 b6 4. Bd3 Bb7 5. Nbd2 c5 6. a3 Nc6 7. b3 cxd4 8.
exd4 d5 9. O-O Bd6 10. Re1 O-O 11. Nf1 Ne7 12. Ng3 Rc8 13. Ne5 Qc7 14. c4
Ng6 15. f4 Rfd8 16. Qe2 a5 17. f5 exf5 18. Bxf5 Rb8 19. Nxf7 Kxf7 20. Be6+
Kf8 21. Rf1 Re8 22. Nh5 Be5 23. Nxf6 Bxd4+ 24. Be3 Rxe6 25. Nxd5+ Kg8 26.
Nxc7 Rxe3 27. Qxe3 Bxe3+ 28. Kh1 Nf4 29. Nd5 Nxd5 30. cxd5 Bxd5 31. Rfe1
Bc5 32. Reb1 Rf8 0-1

[Event "XXIV Open"]
[Site "Cappelle La Grande FRA"]
[Date "2008.02.16"]
[Round "1"]
[White "Hammer,J"]
[Black "Kotronias,V"]
[Result "1-0"]
[WhiteElo "2441"]
[BlackElo "2628"]
[EventDate "2008.02.16"]

1. e4 c5 2. Nf3 e6 3. d4 cxd4 4. Nxd4 a6 5. Bd3 Bc5 6. Nb3 Be7 7. Qg4 g6 8.
Qe2 d6 9. O-O Nd7 10. a4 b6 11. Na3 Bb7 12. a5 b5 13. c4 b4 14. Nc2 Ngf6
15. Nxb4 d5 16. c5 dxe4 17. Bxa6 Bxa6 18. Nxa6 Qc8 19. Nb4 Nxc5 20. Nxc5
Qxc5 21. Bd2 O-O 22. Rfc1 Qf5 23. Nc6 Bd6 24. a6 Nd5 25. b4 Bf4 26. b5 Rfe8
27. g3 Bxd2 28. Qxd2 h5 29. h4 f6 30. Qe2 g5 31. Nd4 Qg6 32. hxg5 f5 33.
Rc6 f4 34. Re1 e3 35. gxf4 Nb4 36. Rxe6 Rxe6 37. Qc4 exf2+ 38. Kxf2 Nd3+
39. Kf1 Nxe1 40. Nxe6 Nc2 41. Nd4+ Kh8 42. Qxc2 Qd6 43. Qe4 Rf8 44. a7 Qa3
45. Ne6 Qa1+ 46. Kg2 Qa2+ 47. Kh3 1-0

[Event "XXIV Open"]
[Site "Cappelle La Grande FRA"]
[Date "2008.02.16"]
[Round "1"]
[White "Burmakin,V"]
[Black "Khurtsidze,N"]
[Result "1/2-1/2"]
[WhiteElo "2611"]
[BlackElo "2441"]
[EventDate "2008.02.16"]

1. d4 d5 2. Nf3 Nf6 3. c4 e6 4. g3 Bb4+ 5. Bd2 Be7 6. Bg2 c6 7. Qc2 O-O 8.
O-O Nbd7 9. b3 b6 10. Bc3 Bb7 11. Nbd2 c5 12. dxc5 Nxc5 13. Qb2 Qd7 14.
Rfd1 Rfd8 15. Bd4 Rac8 16. Rac1 Qe8 17. Ne5 Qf8 18. Nb1 Nce4 19. cxd5 Rxd5
20. e3 Rdd8 21. a3 Bc5 22. b4 Bxd4 23. Rxd4 Rxd4 24. exd4 Qd8 25. Rxc8 Qxc8
26. b5 Bd5 27. a4 h5 28. h3 a5 29. bxa6 Qxa6 30. Nc3 Nxc3 31. Qxc3 Bxg2 32.
Kxg2 Qxa4 33. Qc8+ Qe8 34. Qb7 Nd5 35. Nd7 Qd8 36. h4 Kh7 37. Ne5 f6 38.
Nd7 Kg6 39. Qc6 Kf7 40. Qb7 Qe7 41. Qc6 Qd8 42. Qd6 Qe7 43. Qc6 Qb4 44. Qb7
Kg6 45. Qc8 Qe7 46. Qc6 Kf7 47. Nxb6 Nxb6 48. Qxb6 Qd7 49. Qc5 Qb7+ 50. Kh2
Qf3 51. Kg1 Kg6 52. Qc2+ Kf7 53. Kf1 Qd5 54. Qc7+ Kg6 55. Qf4 Qc4+ 56. Kg1
Kf7 57. Qe4 Qd5 58. Qe3 Qc6 59. Kh2 Qd5 60. Qf4 1/2-1/2

[Event "XXIV Open"]
[Site "Cappelle La Grande FRA"]
[Date "2008.02.16"]
[Round "1"]
[White "Larino Nieto,D"]
[Black "Vitiugov,N"]
[Result "1/2-1/2"]
[WhiteElo "2439"]
[BlackElo "2609"]
[EventDate "2008.02.16"]

1. e4 c5 2. Nc3 e6 3. g3 a6 4. a4 Nc6 5. Bg2 Nf6 6. d3 Be7 7. Nge2 Rb8 8.
d4 cxd4 9. Nxd4 Qc7 10. O-O d6 11. Nce2 O-O 12. c4 Nxd4 13. Qxd4 e5 14. Qd3
Be6 15. b3 b5 16. cxb5 axb5 17. axb5 Rfc8 18. Rd1 Qb6 19. Ba3 Ng4 20. Qf3
Rc2 21. h3 h5 22. Bf1 Rbc8 23. Bb4 Nf6 24. Ba5 Qb7 25. Nc3 Rb2 26. Rab1
Rxb3 27. Rxb3 Bxb3 28. Rb1 Bc2 29. Rc1 Qa7 30. Rxc2 Qxa5 31. Qd3 Kf8 32.
Nd5 Rxc2 33. Qxc2 Nxd5 34. exd5 Bd8 35. Qc6 Ke7 36. Qa6 Qc7 37. h4 g6 38.
Bh3 f5 39. Bf1 Qb8 40. Qa2 Kf7 41. Qd2 Qa7 42. Qh6 Bf6 43. Qe3 Qxe3 44.
fxe3 Bd8 45. e4 Bb6+ 46. Kg2 fxe4 47. g4 hxg4 48. Kg3 Kf6 49. Kxg4 Ba5 50.
Bg2 e3 51. Bf1 Kg7 52. Be2 Bd8 53. h5 gxh5+ 54. Kxh5 Kf6 55. Kg4 Bb6
1/2-1/2

[Event "XXIV Open"]
[Site "Cappelle La Grande FRA"]
[Date "2008.02.16"]
[Round "1"]
[White "Zawadzki,S"]
[Black "Malakhatko,V"]
[Result "0-1"]
[WhiteElo "2436"]
[BlackElo "2600"]
[EventDate "2008.02.16"]

1. d4 d5 2. c4 c6 3. Nf3 Nf6 4. Nc3 dxc4 5. a4 e6 6. e3 c5 7. Bxc4 Nc6 8.
O-O cxd4 9. exd4 Be7 10. Re1 O-O 11. Bg5 h6 12. Bh4 b6 13. Qd2 Bb7 14. Rad1
Na5 15. Ba2 Bxf3 16. gxf3 Rc8 17. Qd3 Nc6 18. Bxf6 Bxf6 19. Bb1 g6 20. Rxe6
Nb4 21. Qe4 Rc7 22. Re5 Bxe5 23. dxe5 Qe7 24. f4 a5 25. Kh1 Rd8 26. Rg1 Qd7
27. f5 Nd3 28. Qh4 Rxc3 29. bxc3 Qc6+ 30. Rg2 Nxf2+ 0-1

[Event "XXIV Open"]
[Site "Cappelle La Grande FRA"]
[Date "2008.02.16"]
[Round "1"]
[White "Kryvoruchko,Y"]
[Black "Llorente Zaro,A"]
[Result "1-0"]
[WhiteElo "2597"]
[BlackElo "2435"]
[EventDate "2008.02.16"]

1. e4 e5 2. Nf3 Nc6 3. Bb5 Nd4 4. Nxd4 exd4 5. O-O c6 6. Bc4 Nf6 7. Re1 d6
8. c3 Ng4 9. h3 Ne5 10. d3 Nxc4 11. dxc4 dxc3 12. Nxc3 Be7 13. Bf4 Be6 14.
Qe2 O-O 15. Rad1 Qa5 16. Nd5 Bd8 17. b4 Qa6 18. Ne3 Re8 19. Bxd6 Bb6 20. c5
Qxe2 21. Rxe2 Bd8 22. f4 f5 23. exf5 Bc4 24. Rc2 Bb5 25. Rc3 a5 26. a3 Bf6
27. Be5 axb4 28. axb4 Bxe5 29. fxe5 Rxe5 30. Rd7 Ra1+ 31. Kh2 Re1 32. Nc2
Re7 33. Rd6 Rc1 34. Rg3 Rxc2 35. f6 Re8 36. Rd7 Bc4 37. Rgxg7+ Kf8 38. f7
Rxg2+ 39. Rxg2 Bxf7 40. Rxb7 Bd5 41. Rf2+ Kg8 42. Rd7 Rb8 43. Rf4 Re8 44.
Rg4+ Kh8 45. Rxd5 1-0

[Event "XXIV Open"]
[Site "Cappelle La Grande FRA"]
[Date "2008.02.16"]
[Round "1"]
[White "Petkevich,J"]
[Black "Kazhgaleyev,M"]
[Result "1/2-1/2"]
[WhiteElo "2434"]
[BlackElo "2594"]
[EventDate "2008.02.16"]

1. Nf3 Nf6 2. b3 d5 3. Bb2 c5 4. e3 e6 5. c4 a6 6. Be2 Nc6 7. cxd5 exd5 8.
d4 cxd4 9. Nxd4 Bb4+ 10. Bc3 Bd6 11. Nd2 O-O 12. Nxc6 bxc6 13. O-O Re8 14.
Bf3 Bf5 15. Re1 h6 16. Nf1 Ne4 17. Bxe4 Bxe4 18. Qg4 Bg6 19. Ng3 a5 20.
Rad1 Qc8 21. Qd4 Bf8 22. e4 Rd8 23. exd5 Rxd5 24. Qc4 Qb7 25. Rxd5 cxd5 26.
Qd4 a4 27. bxa4 Rc8 28. a5 Rc4 29. Qd2 d4 30. Bxd4 Qc6 31. Be3 1/2-1/2

[Event "XXIV Open"]
[Site "Cappelle La Grande FRA"]
[Date "2008.02.16"]
[Round "1"]
[White "Sokolov,And1"]
[Black "Tomczak,J"]
[Result "1/2-1/2"]
[WhiteElo "2594"]
[BlackElo "2433"]
[EventDate "2008.02.16"]

1. e4 d5 2. exd5 Qxd5 3. Nc3 Qa5 4. d4 Nf6 5. Nf3 c6 6. Ne5 Be6 7. Bc4 Bxc4
8. Nxc4 Qd8 9. O-O e6 10. Bg5 Be7 11. Bxf6 Bxf6 12. Ne4 Be7 13. c3 O-O 14.
Qb3 Qc7 15. f4 Nd7 16. f5 exf5 17. Rxf5 g6 18. Rf3 Kg7 19. Re1 b5 20. Ne3
f5 21. Ng3 Bd6 22. Nexf5+ gxf5 23. Nxf5+ Kh8 24. Nxd6 Rxf3 25. Nf7+ Rxf7
26. Qxf7 Rf8 27. Re8 Qd6 28. Rxf8+ Nxf8 29. Qxa7 Qf4 30. h3 1/2-1/2

[Event "XXIV Open"]
[Site "Cappelle La Grande FRA"]
[Date "2008.02.16"]
[Round "1"]
[White "Recuero Guerra,D"]
[Black "Belov,Vl"]
[Result "0-1"]
[WhiteElo "2424"]
[BlackElo "2578"]
[EventDate "2008.02.16"]

1. e4 e6 2. d4 d5 3. Nc3 Bb4 4. e5 c5 5. Bd2 Nc6 6. Nb5 Bxd2+ 7. Qxd2 Nxd4
8. Nxd4 cxd4 9. f4 Ne7 10. Nf3 Nc6 11. O-O-O Bd7 12. h4 a6 13. h5 Qe7 14.
h6 g6 15. Kb1 O-O 16. g3 b5 17. Nxd4 Nxd4 18. Qxd4 b4 19. Bd3 Bb5 20. Rhe1
Rfc8 21. g4 Rab8 22. f5 Bxd3 23. cxd3 b3 24. axb3 Rb4 25. Qf2 Rxb3 26. Rc1
Rf8 27. Rc2 exf5 28. gxf5 Rxd3 29. Rec1 Rb3 30. Qd4 Rb4 31. Qxd5 Rb5 32.
Qc6 Qxe5 33. f6 a5 34. Qa6 Rbb8 35. Ka1 a4 36. Kb1 a3 37. Qxa3 Qxf6 38. Qg3
Rb6 39. Qe3 Re6 40. Qd2 Rd6 41. Qc3 Qxc3 42. Rxc3 g5 43. Rc5 Rg6 44. b4 g4
45. R5c4 f5 46. b5 Rxh6 47. Rb4 Rb6 48. Rc7 Rf7 49. Rc6 g3 50. Kc2 g2 51.
Rb1 Rxc6+ 52. bxc6 Rc7 0-1

[Event "XXIV Open"]
[Site "Cappelle La Grande FRA"]
[Date "2008.02.16"]
[Round "1"]
[White "Arutinian,D"]
[Black "Pereira,Rub"]
[Result "1-0"]
[WhiteElo "2576"]
[BlackElo "2423"]
[EventDate "2008.02.16"]

1. d4 Nf6 2. c4 g6 3. Nc3 d5 4. Bg5 Bg7 5. Bxf6 Bxf6 6. cxd5 O-O 7. e3 e5
8. dxe6 Bxe6 9. Nge2 c5 10. d5 Bg4 11. Qd2 Re8 12. h3 Bc8 13. g3 Nd7 14.
Bg2 Ne5 15. Qc2 b5 16. O-O Rb8 17. e4 Nc4 18. Nd1 Bg7 19. a4 a6 20. axb5
axb5 21. f4 Bb7 22. Nec3 Bd4+ 23. Kh2 Qb6 24. b3 Nd6 25. Rb1 b4 26. Na4 Qd8
27. Ndb2 f5 28. e5 Nb5 29. d6 Na3 30. Qd3 Nxb1 31. Bxb7 Rxb7 32. Rxb1 g5
33. Nxc5 Bxc5 34. Qd5+ Rf7 35. Qxc5 gxf4 36. gxf4 Qh4 37. Nd3 Rg7 38. Rg1
Rxg1 39. Qxg1+ Kh8 40. Qg5 Qxg5 41. fxg5 Kg8 42. d7 Ra8 43. Nxb4 1-0

[Event "XXIV Open"]
[Site "Cappelle La Grande FRA"]
[Date "2008.02.16"]
[Round "1"]
[White "Shirazi,K"]
[Black "Erdos,V"]
[Result "1/2-1/2"]
[WhiteElo "2422"]
[BlackElo "2575"]
[EventDate "2008.02.16"]

1. e4 e6 2. d4 d5 3. exd5 exd5 4. c4 Nf6 5. Nc3 Bb4 6. Bg5 O-O 7. Be2 dxc4
8. Bxc4 Qe8+ 9. Nge2 Bxc3+ 10. bxc3 Ne4 11. Be3 Nd6 12. Bb3 Nc6 13. O-O Na5
14. Ng3 b6 15. Re1 Nxb3 16. axb3 Qd7 17. d5 Bb7 18. Ra4 f6 19. Rd4 Rae8 20.
c4 a5 21. h3 Re7 22. Bf4 Rxe1+ 23. Qxe1 Re8 24. Qc3 Bc8 25. Rd3 Ne4 26.
Nxe4 Rxe4 27. Bg3 Ba6 28. d6 c5 29. f3 Re2 30. Rd1 Bb7 31. Qd3 Re8 32. Qd2
Bc6 33. h4 h6 34. Kf2 Rd8 35. Qd3 Qf7 36. Bf4 Re8 37. Rh1 Bd7 38. g4 Qe6
39. g5 hxg5 40. hxg5 Qf5 41. Qxf5 Bxf5 42. gxf6 1/2-1/2

[Event "XXIV Open"]
[Site "Cappelle La Grande FRA"]
[Date "2008.02.16"]
[Round "1"]
[White "Mamedov,Nid"]
[Black "Sher,M"]
[Result "0-1"]
[WhiteElo "2574"]
[BlackElo "2420"]
[EventDate "2008.02.16"]

1. e4 c5 2. Nf3 d6 3. d4 Nf6 4. Nc3 cxd4 5. Nxd4 Nc6 6. f3 e5 7. Nb3 Be7 8.
Be3 O-O 9. Qd2 a5 10. Bb5 Na7 11. Be2 Nc6 12. Rd1 Be6 13. Bb5 Na7 14. Bd3
Nc6 15. a3 h6 16. Qf2 Nd7 17. Bb5 Qc7 18. O-O b6 19. Nd5 Bxd5 20. Rxd5 Nc5
21. Nxc5 bxc5 22. c3 Rab8 23. a4 Na7 24. Bc4 Nc8 25. Rd2 Nb6 26. Bb5 Bg5
27. f4 exf4 28. Bxf4 Bxf4 29. Qxf4 Nc8 30. Rf3 Qe7 31. Rg3 Kh7 32. Rd5 Rb6
33. Rh5 d5 34. Rxd5 Nd6 35. Bf1 f6 36. Rxc5 Rxb2 37. Rxa5 Kh8 38. Rh5 Nf7
39. Qe3 Re8 40. Rb5 Ra2 41. Rb4 Ne5 42. h3 Rc8 43. Ba6 Rd8 44. Kh2 Ra1 45.
Rd4 Rb8 46. Bb5 Rc8 47. Qf4 Qc7 48. c4 Qc5 49. Qe3 Qb4 50. Qd2 Qb1 51. Rc3
Kh7 52. Bd7 Rc7 53. Bf5+ g6 54. Be6 h5 55. Rd8 g5 56. Bf5+ Kg7 57. Rg8+
Kxg8 58. Qd8+ Kg7 59. Qxc7+ Nf7 60. e5 Qg1+ 61. Kg3 Qe1+ 0-1

[Event "XXIV Open"]
[Site "Cappelle La Grande FRA"]
[Date "2008.02.16"]
[Round "1"]
[White "Zherebukh,Y"]
[Black "Brodsky,M"]
[Result "0-1"]
[WhiteElo "2420"]
[BlackElo "2572"]
[EventDate "2008.02.16"]

1. e4 c5 2. Nf3 d6 3. d4 Nf6 4. Nc3 cxd4 5. Nxd4 a6 6. Be3 e6 7. g4 e5 8.
Nf5 h5 9. g5 Nxe4 10. Nxg7+ Bxg7 11. Nxe4 d5 12. Ng3 d4 13. Bd2 Qd5 14. Rg1
Bg4 15. Be2 Nd7 16. Bxg4 hxg4 17. Qxg4 Rxh2 18. Nf5 Bf8 19. g6 fxg6 20.
Qxg6+ Kd8 21. Ng3 Rc8 22. Qd3 Rc6 23. Nf1 Rh8 24. Ne3 Qb5 25. Nd1 Qc5 26.
c3 Bh6 27. Rc1 e4 28. Qg3 e3 29. fxe3 dxe3 30. Bxe3 Bxe3 31. Nxe3 Re8 32.
Kd2 Rd6+ 0-1

[Event "XXIV Open"]
[Site "Cappelle La Grande FRA"]
[Date "2008.02.16"]
[Round "1"]
[White "Nabaty,T"]
[Black "Shengelia,D"]
[Result "1-0"]
[WhiteElo "2417"]
[BlackElo "2568"]
[EventDate "2008.02.16"]

1. e4 c5 2. Nf3 d6 3. d4 cxd4 4. Nxd4 Nf6 5. Nc3 Nc6 6. Bg5 e6 7. Qd2 Be7
8. O-O-O Nxd4 9. Qxd4 a6 10. f3 b5 11. Kb1 Bb7 12. h4 Rc8 13. g4 Qc7 14.
Be3 O-O 15. g5 Nd7 16. h5 Ne5 17. h6 Rfd8 18. f4 Bf8 19. Qb6 Nd7 20. Qxc7
Rxc7 21. a3 Nc5 22. Bg2 g6 23. Rd2 Rb8 24. Rhd1 Bc6 25. Bxc5 dxc5 26. e5 b4
27. Na2 Bxg2 28. Rxg2 bxa3 29. c4 Rcb7 30. Nc3 Be7 31. Ne4 Kf8 32. Nf6 Bxf6
33. gxf6 Ke8 34. Rd6 Rb4 35. Rc2 Ra4 36. Rc6 a2+ 37. Ka1 Rd8 38. Rc1 Rd4
39. Rc8+ Kd7 40. Rf8 Rxf4 41. Rxf7+ Kc6 42. Rxh7 Rf2 43. Rg7 Rb4 44. h7 Rb8
45. Rg8 Rfxb2 46. Rxb8 Rxb8 47. Rh1 1-0

[Event "XXIV Open"]
[Site "Cappelle La Grande FRA"]
[Date "2008.02.16"]
[Round "1"]
[White "Rozentalis,E"]
[Black "Rojas,L"]
[Result "0-1"]
[WhiteElo "2567"]
[BlackElo "2414"]
[EventDate "2008.02.16"]

1. e4 e6 2. d4 d5 3. Nd2 c5 4. Ngf3 cxd4 5. Nxd4 Nc6 6. Nxc6 bxc6 7. Bd3
Bd6 8. Qe2 Ne7 9. e5 Bc7 10. Nf3 Ng6 11. h4 f6 12. exf6 Qxf6 13. Ng5 e5 14.
c4 h6 15. cxd5 hxg5 16. Bxg5 Qxg5 17. hxg5 Rxh1+ 18. Kd2 Nf4 19. Qe4 cxd5
20. Qa4+ Bd7 21. Bb5 Rxa1 22. Bxd7+ Kf7 23. g3 Rb8 24. gxf4 Rxb2+ 25. Kc3
Raxa2 26. Be8+ Kf8 0-1

[Event "XXIV Open"]
[Site "Cappelle La Grande FRA"]
[Date "2008.02.16"]
[Round "1"]
[White "Berkovich,M"]
[Black "Vovk,Y"]
[Result "0-1"]
[WhiteElo "2413"]
[BlackElo "2561"]
[EventDate "2008.02.16"]

1. Nf3 Nf6 2. d4 d5 3. Bg5 Ne4 4. Bh4 c5 5. dxc5 Nc6 6. e3 h6 7. Nbd2 g5 8.
Bg3 Nxc5 9. Nb3 Bg7 10. Nxc5 Qa5+ 11. c3 Qxc5 12. Be2 e5 13. Nd2 Be6 14.
Bg4 f5 15. Bh5+ Ke7 16. Nb3 Qb6 17. O-O f4 18. exf4 exf4 19. Bxf4 gxf4 20.
Bg4 Bf7 21. Re1+ Kd6 22. c4 Qb4 23. Bh5 Bxh5 24. Qxd5+ Kc7 25. Nc5 Rae8 26.
Re6 Bd4 27. Nd3 Qb6 28. Nxf4 Qxb2 29. Rf1 Bg4 30. Qd6+ Kc8 31. Nd5 Be5 32.
Rxe8+ Rxe8 33. Qg6 Bd7 0-1

[Event "XXIV Open"]
[Site "Cappelle La Grande FRA"]
[Date "2008.02.16"]
[Round "1"]
[White "Timoshenko,G"]
[Black "Foisor,C"]
[Result "1-0"]
[WhiteElo "2560"]
[BlackElo "2412"]
[EventDate "2008.02.16"]

1. e4 c6 2. d4 g6 3. Nc3 d5 4. Nf3 Bg7 5. h3 Nf6 6. e5 Ne4 7. Nxe4 dxe4 8.
Ng5 c5 9. c3 Nc6 10. Bc4 O-O 11. Be3 cxd4 12. cxd4 Qa5+ 13. Kf1 h6 14. Nxe4
Rd8 15. f4 Qb6 16. b3 Bf5 17. Ng3 Nb4 18. Nxf5 gxf5 19. Rg1 Nd5 20. Bxd5
Rxd5 21. g4 Qg6 22. Rc1 Kf8 23. Kf2 Rad8 24. Qf3 Qa6 25. Qxd5 1-0

[Event "XXIV Open"]
[Site "Cappelle La Grande FRA"]
[Date "2008.02.16"]
[Round "1"]
[White "Gharamian,T"]
[Black "Zude,E"]
[Result "1-0"]
[WhiteElo "2558"]
[BlackElo "2409"]
[EventDate "2008.02.16"]

1. e4 c5 2. Nf3 d6 3. Bb5+ Nd7 4. d4 Ngf6 5. O-O cxd4 6. Qxd4 e5 7. Qd3 h6
8. c4 Be7 9. Nc3 O-O 10. Bxd7 Bxd7 11. Rd1 Bc6 12. Be3 Qd7 13. h3 b6 14. b4
Rac8 15. a4 Ba8 16. a5 Qc7 17. Nd2 d5 18. exd5 Bxb4 19. Nb5 Qb8 20. a6 Rfd8
21. Qe2 Rd7 22. Nf3 Bf8 23. Bc1 Re8 24. Bb2 e4 25. Bxf6 exf3 26. Qxf3 Rc7
27. Nxc7 Qxc7 28. Bb2 Qxc4 29. Ba3 Bxa3 30. Rxa3 Re5 31. Rc3 Qxa6 32. Rc7
Rg5 33. h4 Rg6 34. Qxf7+ Kh7 35. Qf5 Qa4 36. h5 Qxd1+ 37. Kh2 Qg4 38. hxg6+
Qxg6 39. Qxg6+ Kxg6 40. d6 1-0

[Event "XXIV Open"]
[Site "Cappelle La Grande FRA"]
[Date "2008.02.16"]
[Round "1"]
[White "Payen,Ar"]
[Black "Gulko,B"]
[Result "0-1"]
[WhiteElo "2403"]
[BlackElo "2550"]
[EventDate "2008.02.16"]

1. d4 e6 2. Nf3 c5 3. e3 Nf6 4. Bd3 b6 5. O-O Bb7 6. c4 Be7 7. Nc3 cxd4 8.
exd4 d6 9. Re1 O-O 10. b3 Nbd7 11. Bb2 Re8 12. h3 Rc8 13. Re3 Nf8 14. d5 e5
15. a4 a5 16. Nd2 N6d7 17. Ne2 Nc5 18. Bc2 Bg5 19. f4 Bh6 20. Rf3 exf4 21.
Nxf4 Rc7 22. Nf1 Ng6 23. Nxg6 hxg6 24. Qd4 Bc8 25. Ng3 Rce7 26. Raf1 f5 27.
Kh2 Bg5 28. Qd1 Rf7 29. Ne2 Bf6 30. Nd4 Be5+ 31. Kh1 Qf6 32. Bc3 f4 33.
R3f2 Bf5 34. Re1 Bxc2 35. Qxc2 Ref8 36. Nb5 g5 37. Rfe2 f3 38. Bxe5 dxe5
39. gxf3 Qxf3+ 40. Kh2 g4 41. Qc3 g3+ 0-1

[Event "XXIV Open"]
[Site "Cappelle La Grande FRA"]
[Date "2008.02.16"]
[Round "1"]
[White "Dervishi,E"]
[Black "Bogner,S"]
[Result "1/2-1/2"]
[WhiteElo "2543"]
[BlackElo "2401"]
[EventDate "2008.02.16"]

1. e4 c5 2. Nf3 d6 3. d4 cxd4 4. Nxd4 Nf6 5. Nc3 a6 6. Be2 e5 7. Nb3 Be7 8.
O-O O-O 9. Kh1 b6 10. a4 Bb7 11. f3 Nc6 12. Bg5 Rc8 13. Qd2 Nb4 14. a5 b5
15. Rad1 Nxc2 16. Qxc2 b4 17. Qd3 bxc3 18. bxc3 Qc7 19. c4 Rfd8 20. Qd2 Rb8
21. Na1 Bc6 22. Be3 Nd7 23. Nc2 Rb2 24. Qc3 Rdb8 25. Bb6 R8xb6 26. axb6
Qxb6 27. c5 Nxc5 28. Bc4 Na4 29. Qd3 Nc5 30. Qc3 Na4 31. Qd3 Nc5 1/2-1/2

[Event "XXIV Open"]
[Site "Cappelle La Grande FRA"]
[Date "2008.02.16"]
[Round "1"]
[White "Sumets,A"]
[Black "Marholev,D"]
[Result "1-0"]
[WhiteElo "2541"]
[BlackElo "2401"]
[EventDate "2008.02.16"]

1. d4 Nf6 2. c4 c5 3. d5 Ne4 4. Nd2 Qa5 5. Ngf3 f5 6. g3 g6 7. Bg2 Bg7 8.
O-O Nxd2 9. Bxd2 Qa6 10. Qc1 b5 11. Bc3 Bxc3 12. Qxc3 O-O 13. Qe3 bxc4 14.
Qxe7 Qf6 15. Qxc5 Qxb2 16. d6 Nc6 17. Qxc4+ Kg7 18. Rab1 Qf6 19. Rfd1 a5
20. Rb6 Nb4 21. Nd4 Ra6 22. Rxa6 Bxa6 23. Qc7 Kh8 24. a3 Nd3 25. Qb6 1-0

[Event "XXIV Open"]
[Site "Cappelle La Grande FRA"]
[Date "2008.02.16"]
[Round "1"]
[White "Zeberski,J"]
[Black "Aveskulov,V"]
[Result "0-1"]
[WhiteElo "2398"]
[BlackElo "2532"]
[EventDate "2008.02.16"]

1. e4 c5 2. Nf3 d6 3. d4 Nf6 4. Nc3 cxd4 5. Nxd4 a6 6. Be3 e5 7. Nb3 Be6 8.
f4 exf4 9. Bxf4 Nc6 10. Qe2 g6 11. Nd5 Bg7 12. O-O-O Bxd5 13. exd5+ Ne7 14.
g4 h5 15. gxh5 Nxh5 16. Bg5 Ng3 17. hxg3 Rxh1 18. Bh4 Be5 19. Qg2 Rxh4 20.
gxh4 Nf5 21. Qf2 Qxh4 22. Qb6 Qf4+ 23. Nd2 Rc8 24. Qxb7 Rc5 25. Bd3 Ne3 26.
Qb8+ Kd7 27. Rh1 Qa4 28. Nb3 Rc8 29. Qa7+ Rc7 30. Qa8 Nxc2 31. Bxg6 Na3+
32. Kd2 Qf4+ 0-1

[Event "XXIV Open"]
[Site "Cappelle La Grande FRA"]
[Date "2008.02.16"]
[Round "1"]
[White "Shneider,Alek"]
[Black "Martinez Martin,D"]
[Result "1-0"]
[WhiteElo "2532"]
[BlackElo "2395"]
[EventDate "2008.02.16"]

1. d4 d5 2. c4 c6 3. Nf3 Nf6 4. Nc3 dxc4 5. a4 c5 6. d5 e6 7. e4 exd5 8. e5
Nbd7 9. exf6 Nxf6 10. Bf4 Be6 11. Ng5 d4 12. Nb5 Nd5 13. Nxe6 fxe6 14. Qh5+
g6 15. Qe5 Nxf4 16. Qxf4 Qa5+ 17. Qd2 c3 18. bxc3 a6 19. Na3 Bh6 20. Qc2 b5
21. axb5 axb5 22. Bxb5+ Qxb5 23. Nxb5 Rxa1+ 24. Ke2 Rxh1 25. Nc7+ Kd7 26.
Nb5 Ke7 1-0

[Event "XXIV Open"]
[Site "Cappelle La Grande FRA"]
[Date "2008.02.16"]
[Round "1"]
[White "Jaracz,P"]
[Black "Czerwonski,A"]
[Result "1-0"]
[WhiteElo "2527"]
[BlackElo "2388"]
[EventDate "2008.02.16"]

1. d4 d6 2. e4 Nf6 3. Nc3 g6 4. Nf3 Bg7 5. Be3 O-O 6. Qd2 a6 7. Bd3 b5 8.
a4 Bb7 9. axb5 axb5 10. Rxa8 Bxa8 11. Nxb5 Nxe4 12. Qa5 Nc6 13. Qxc7 Nb4
14. Qxd8 Rxd8 15. Nc3 Nxd3+ 16. cxd3 Nf6 17. Kd2 Rb8 18. Rb1 Rb4 19. b3 Ne8
20. Ne1 Nc7 21. Nc2 Rb8 22. f3 Kf8 23. b4 Ke8 24. b5 Kd7 25. Ra1 Bb7 26.
Ra7 Kc8 27. Bg5 Ne6 28. Bxe7 Nxd4 29. Bxd6 Nb3+ 30. Kd1 Bxc3 31. Bxb8 Kxb8
32. Ra3 Bd5 33. Ne3 Bb2 34. Ra2 1-0

[Event "XXIV Open"]
[Site "Cappelle La Grande FRA"]
[Date "2008.02.16"]
[Round "1"]
[White "Kanep,M"]
[Black "Grooten,H"]
[Result "1-0"]
[WhiteElo "2523"]
[BlackElo "2375"]
[EventDate "2008.02.16"]

1. e4 c6 2. d4 d5 3. Nc3 dxe4 4. Nxe4 Bf5 5. Ng3 Bg6 6. h4 h6 7. Bc4 Nd7 8.
f4 e6 9. Nf3 Ngf6 10. Qe2 Be7 11. h5 Bh7 12. c3 O-O 13. Ne5 c5 14. Be3 Nd5
15. Bxd5 exd5 16. O-O Re8 17. Qf3 cxd4 18. Bxd4 Nf6 19. Rad1 Qc8 20. f5 Bd6
21. Ng4 Ne4 22. Nxe4 Rxe4 23. Ne3 Qc6 24. Ng4 f6 25. g3 Kf8 26. Nf2 Re7 27.
Rd2 Rae8 28. Nd3 a5 29. Qf2 Re4 30. Bc5 Rg4 31. Bxd6+ Qxd6 32. Nf4 Re5 33.
c4 Bxf5 34. Rxd5 Rxd5 35. cxd5 Kf7 36. Re1 Bd7 37. Kh2 Rg5 38. Qd2 Re5 39.
Qxa5 Qe7 40. Rxe5 fxe5 41. Nd3 Qg5 42. Qe1 Qxh5+ 43. Kg1 Kf6 44. Nc5 Bf5
45. Nxb7 Qg4 46. Nd6 Qd4+ 47. Qf2 Qd1+ 48. Kh2 Qc2 49. Kg2 Qxf2+ 50. Kxf2
Bb1 51. a4 e4 52. Ne8+ Ke5 53. d6 Ke6 54. a5 Bd3 55. a6 Bxa6 56. Nc7+ Kxd6
57. Nxa6 h5 58. Ke3 Kd5 59. b4 g5 60. Nc5 h4 61. g4 h3 62. Nxe4 h2 63. Nf2
Kc4 64. Kf3 1-0

[Event "XXIV Open"]
[Site "Cappelle La Grande FRA"]
[Date "2008.02.16"]
[Round "1"]
[White "Voekler,B"]
[Black "Ulibin,M"]
[Result "0-1"]
[WhiteElo "2371"]
[BlackElo "2518"]
[EventDate "2008.02.16"]

1. e4 e6 2. d4 d5 3. Nc3 Bb4 4. e5 b6 5. Qg4 Bf8 6. Nf3 Ba6 7. Be2 Bxe2 8.
Nxe2 Qd7 9. O-O Nc6 10. Be3 O-O-O 11. b3 f6 12. Qh3 Nge7 13. Nf4 Nf5 14.
Rfe1 Bb4 15. Re2 Rdg8 16. Nh5 fxe5 17. dxe5 Rf8 18. Rd1 Qf7 19. Bc1 Be7 20.
a3 Kb7 21. b4 Nh4 22. Nf4 Nxf3+ 23. gxf3 Nd8 24. Rd3 Bg5 25. Rd4 Nc6 26.
Rd3 Bxf4 27. Bxf4 Qxf4 28. Qxe6 Qc1+ 29. Kg2 Qg5+ 30. Kf1 Rd8 31. b5 Na5
32. Qh3 Nc4 33. Qg3 Qxg3 34. hxg3 g5 35. f4 gxf4 36. gxf4 Rhf8 37. Rf3 Rf5
0-1

[Event "XXIV Open"]
[Site "Cappelle La Grande FRA"]
[Date "2008.02.16"]
[Round "1"]
[White "Zinchenko,Ya"]
[Black "Mashinskaya,I"]
[Result "1-0"]
[WhiteElo "2516"]
[BlackElo "2370"]
[EventDate "2008.02.16"]

1. e4 c5 2. Nf3 Nc6 3. d4 cxd4 4. Nxd4 Qc7 5. Nc3 e6 6. Be2 a6 7. O-O Nf6
8. Be3 Bb4 9. Na4 Be7 10. Nxc6 bxc6 11. Nb6 Rb8 12. Nxc8 Qxc8 13. Bd4 c5
14. Be5 Rb6 15. Qd3 d6 16. Bc3 d5 17. exd5 exd5 18. b3 O-O 19. Rad1 d4 20.
Ba5 Rd6 21. Rfe1 Bd8 22. Bd2 Nd5 23. a3 Bc7 24. Qf3 Rfd8 25. Bg5 f6 26. Bd2
Kh8 27. Bd3 Nc3 28. Qh5 f5 29. Bf4 1-0

[Event "XXIV Open"]
[Site "Cappelle La Grande FRA"]
[Date "2008.02.16"]
[Round "1"]
[White "Renet,O"]
[Black "Frois,A"]
[Result "1/2-1/2"]
[WhiteElo "2513"]
[BlackElo "2368"]
[EventDate "2008.02.16"]

1. e4 c5 2. Nf3 g6 3. c3 d5 4. exd5 Qxd5 5. d4 Bg7 6. Na3 Nf6 7. Bc4 Qe4+
8. Be3 O-O 9. O-O cxd4 10. Nxd4 Qh4 11. h3 Bd7 12. Nf3 Qh5 13. Bd4 Bc6 14.
Ne5 Qg5 15. Nxc6 Nxc6 16. Be3 Qh4 17. Qe2 Rad8 18. Rad1 Bh6 19. Bb5 Bxe3
20. Qxe3 Qe4 21. Qxe4 Nxe4 22. Bxc6 bxc6 23. Rfe1 Rxd1 24. Rxd1 Rb8 25. f3
Nd6 26. b3 f5 27. Nc2 Kf7 28. Nb4 c5 29. Nc6 Rc8 30. Ne5+ Kf6 31. Re1 c4
32. Nd7+ Kf7 33. Ne5+ Kf6 34. Nd7+ Kf7 1/2-1/2